000 00602nam a2200217Ia 4500
005 20241129104256.0
008 241129s9999||||xx |||||||||||||| ||und||
020 _a9781786632951
037 _aTextual
040 _aRTL
_beng
_cRTL
041 _aeng
_2eng
084 _aXOaw R1
_qRTL
100 _aFolbre Nancy
_9250824
245 0 _aRise and decline of patriarchal systems
_cFolbre Nancy
260 _aNew York
_bNancy Folbre Publishing
_c2021
300 _axiv,308p.
365 _aINR
_bRs.2117.34
650 _aEconomics
942 _cTB
_hXOaw R1
999 _c1225180
_d1225180